[Event "FIDE World Cup 2013"]
[Site "Tromso NOR"]
[Date "2013.08.15"]
[Round "2.2"]
[White "Aronian, Levon"]
[Black "Lysyj, Igor"]
[Result "1/2-1/2"]
[WhiteTitle "GM"]
[BlackTitle "GM"]
[WhiteElo "2813"]
[BlackElo "2648"]
[WhiteFideId "13300474"]
[BlackFideId "4150120"]
[EventDate "2013.08.11"]

1. c4 Nf6 2. Nc3 e6 3. e4 d5 4. cxd5 exd5 5. e5 Ne4 6. Nf3 Bf5 7. Be2 c5 8. d4
Nc6 9. O-O cxd4 10. Nb5 d3 11. Bxd3 Bc5 12. Bg5 Qb6 13. Bh4 O-O 14. a3 Rfe8 15.
Rc1 Nxe5 16. Nxe5 Rxe5 17. Bxe4 Bxe4 18. Bg3 Rf5 19. Nc3 Bf8 20. Qe2 Re8 21.
Rfd1 Re6 22. Qb5 d4 23. Qxb6 axb6 24. Nxe4 Rxe4 25. f3 Re8 26. Bf2 Rfe5 27. Kf1
g6 28. Bxd4 R5e6 29. Bf2 Bg7 30. Rc2 Ra8 31. Rd3 Rc6 32. Rxc6 bxc6 33. Bxb6 Bxb2
34. Bc5 Bg7 35. Ke2 Bf8 36. Bxf8 Kxf8 37. Kd2 Ke7 38. Kc2 Ke6 39. Kb3 Rb8+ 40.
Kc3 Rb1 41. Kc2 Rb7 42. Kc3 Rb1 43. Rd2 c5 44. Kc2 Rb7 45. Rd1 h5 46. a4 Ra7 47.
Kb3 Rb7+ 48. Kc3 Ra7 49. Ra1 Ra5 50. h4 Kd5 51. Kb3 Kc6 52. Kc4 Kd6 53. Ra2 Ke5
54. g3 Kd6 55. Ra1 Ke5 56. f4+ Kd6 57. Kb3 Kc6 58. Rf1 Ra7 59. f5 Rb7+ 60. Kc3
Ra7 61. fxg6 fxg6 62. Rf4 Kd5 63. g4 Ke5 64. Rc4 Kd5 1/2-1/2

[Event "FIDE World Cup 2013"]
[Site "Tromso NOR"]
[Date "2013.08.15"]
[Round "2.2"]
[White "Yu, Yangyi"]
[Black "Caruana, Fabiano"]
[Result "1/2-1/2"]
[WhiteTitle "GM"]
[BlackTitle "GM"]
[WhiteElo "2662"]
[BlackElo "2796"]
[WhiteFideId "8603820"]
[BlackFideId "2020009"]
[EventDate "2013.08.11"]

1. Nf3 Nf6 2. g3 g6 3. b3 Bg7 4. Bb2 c5 5. c4 d6 6. Bg2 Nc6 7. O-O O-O 8. d3 Rb8
9. Nc3 a6 10. e3 b5 11. Qe2 e6 12. Rfd1 Qe7 13. Rac1 bxc4 14. dxc4 Bb7 15. Nd2
Ne8 16. f4 f5 17. g4 Nb4 18. Rb1 Nf6 19. h3 Rbd8 20. Bxb7 Qxb7 21. gxf5 exf5 22.
a3 Nc6 23. Qg2 Rfe8 24. Nf1 Na5 25. Qxb7 Nxb7 26. Nd5 Nxd5 27. Rxd5 Bxb2 28.
Rxb2 Na5 29. Kf2 Rb8 30. Nd2 Rb6 31. b4 Kf7 32. Rb1 Nb7 33. h4 Rc8 34. h5 cxb4
35. axb4 a5 36. bxa5 Rxb1 37. Nxb1 Rxc4 38. Rb5 Nc5 39. h6 g5 40. fxg5 Kg6 41.
Nd2 Ra4 42. Rb6 Rxa5 43. Rxd6+ Kxg5 44. Kg3 Ne4+ 45. Nxe4+ fxe4 46. Re6 1/2-1/2

[Event "FIDE World Cup 2013"]
[Site "Tromso NOR"]
[Date "2013.08.15"]
[Round "2.2"]
[White "Swiercz, Dariusz"]
[Black "Grischuk, Alexander"]
[Result "1/2-1/2"]
[WhiteTitle "GM"]
[BlackTitle "GM"]
[WhiteElo "2654"]
[BlackElo "2785"]
[WhiteFideId "1126881"]
[BlackFideId "4126025"]
[EventDate "2013.08.11"]

1. e4 e5 2. Nf3 Nc6 3. d4 exd4 4. Nxd4 Nf6 5. Nxc6 bxc6 6. e5 Qe7 7. Qe2 Nd5 8.
c4 Nb6 9. Nc3 Qe6 10. Qe4 Bb7 11. b3 Bb4 12. Bd2 O-O-O 13. O-O-O c5 14. Qe3 Rhe8
15. f4 d6 16. Bd3 dxe5 17. Rhe1 Rd4 18. Nb5 Rxf4 19. Bxb4 cxb4 20. Qc5 Qe7 21.
Nxa7+ Kb8 22. Nc6+ Bxc6 23. Qxc6 Qd7 24. Qc5 Rd4 25. Bc2 Rd8 26. Qxe5 g6 27. c5
Nc8 28. Rxd4 Qxd4 29. Qxd4 Rxd4 30. Re4 Rxe4 31. Bxe4 Na7 32. Bd5 Nb5 33. Bxf7
Nc3 34. Kc2 Nxa2 35. Kd3 Kc8 36. Bg8 h6 37. h4 Kd7 38. Kc4 Ke7 39. Bd5 g5 40.
hxg5 hxg5 41. Bb7 Kf6 42. Kd5 1/2-1/2

[Event "FIDE World Cup 2013"]
[Site "Tromso NOR"]
[Date "2013.08.15"]
[Round "2.2"]
[White "Karjakin, Sergey"]
[Black "Sasikiran, Krishnan"]
[Result "1/2-1/2"]
[WhiteTitle "GM"]
[BlackTitle "GM"]
[WhiteElo "2772"]
[BlackElo "2660"]
[WhiteFideId "14109603"]
[BlackFideId "5004985"]
[EventDate "2013.08.11"]

1. e4 e5 2. Nf3 Nc6 3. Bb5 a6 4. Ba4 Nf6 5. O-O Be7 6. Re1 b5 7. Bb3 d6 8. c3
O-O 9. h3 Nb8 10. d4 Nbd7 11. Nbd2 Bb7 12. Bc2 Re8 13. Nf1 Bf8 14. Ng3 g6 15. a4
Bg7 16. Bd3 c6 17. Be3 Qe7 18. Qd2 Red8 19. axb5 axb5 20. Rad1 Ne8 21. b4 Nc7
22. Bf1 Ne6 23. dxe5 1/2-1/2

[Event "FIDE World Cup 2013"]
[Site "Tromso NOR"]
[Date "2013.08.15"]
[Round "2.2"]
[White "Safarli, Eltaj"]
[Black "Nakamura, Hikaru"]
[Result "1/2-1/2"]
[WhiteTitle "GM"]
[BlackTitle "GM"]
[WhiteElo "2660"]
[BlackElo "2772"]
[WhiteFideId "13402129"]
[BlackFideId "2016192"]
[EventDate "2013.08.11"]

1. e4 e5 2. Nf3 Nc6 3. Bb5 a6 4. Ba4 Nf6 5. O-O Nxe4 6. d4 b5 7. Bb3 d5 8. dxe5
Be6 9. Nbd2 Nc5 10. c3 Be7 11. Bc2 d4 12. Nb3 d3 13. Bb1 Nxb3 14. axb3 Bf5 15.
Re1 O-O 16. b4 Qd7 17. Bg5 Rfd8 18. Bxe7 Qxe7 19. Re3 a5 20. bxa5 Rxa5 21. Rxa5
Nxa5 22. Nd4 Bg6 23. e6 Nc4 24. Rxd3 Re8 25. Rf3 c5 26. Bxg6 fxg6 27. Rf7 Qd6
28. Rd7 Qe5 29. Nxb5 Nxb2 30. Rd8 Qxe6 31. Rxe8+ Qxe8 32. Qd5+ Kh8 33. g3 h6 34.
Nd6 Qe1+ 35. Kg2 Qxc3 36. Nf7+ Kh7 37. Qa8 g5 38. Qe4+ Kg8 39. Qe8+ Kh7 40. Qe4+
Kg8 41. Qe8+ Kh7 42. Qe4+ 1/2-1/2

[Event "FIDE World Cup 2013"]
[Site "Tromso NOR"]
[Date "2013.08.15"]
[Round "2.2"]
[White "Shimanov, Aleksandr"]
[Black "Kamsky, Gata"]
[Result "1-0"]
[WhiteTitle "GM"]
[BlackTitle "GM"]
[WhiteElo "2655"]
[BlackElo "2741"]
[WhiteFideId "4198603"]
[BlackFideId "2000024"]
[EventDate "2013.08.11"]

1. e4 e5 2. f4 exf4 3. Bc4 d5 4. Bxd5 Nf6 5. Nc3 Bb4 6. Nf3 O-O 7. O-O c6 8. Bc4
b5 9. Bb3 a5 10. a4 Nbd7 11. axb5 cxb5 12. Nd5 Nxd5 13. Bxd5 Ra6 14. d3 Nf6 15.
Ba2 Nh5 16. c3 Bc5+ 17. d4 Ba7 18. Ne5 Qh4 19. Qd3 Rh6 20. Rf2 Ng3 21. Nf3 Qg4
22. hxg3 Qh5 23. Kf1 fxg3 24. Rc2 Qh1+ 25. Ke2 Rf6 26. Ke3 Qh6+ 27. Ke2 Qh1 28.
Qd1 Qxg2+ 29. Ke3 Qh3 30. Ng1 Qh1 31. Bd5 g2 32. Rf2 Rg6 33. Kd3 Bg4 34. Qe1 Bb8
35. Bf4 Bxf4 36. Rxf4 Be6 37. Bxe6 Rxe6 38. Rxa5 f5 39. e5 g5 40. Rf2 f4 41. Ra1
Rh6 42. Qe4 Rh3+ 43. Kc2 Re3 44. Qxg2 Qh5 45. Qd5+ Kh8 46. Ra8 Qg6+ 47. Kb3 Rxa8
48. Qxa8+ Kg7 49. Qb7+ Qf7+ 50. Qxf7+ Kxf7 51. Kc2 h5 52. Kd2 Ke6 53. Nf3 g4 54.
Nh4 Re4 55. Re2 1-0

[Event "FIDE World Cup 2013"]
[Site "Tromso NOR"]
[Date "2013.08.15"]
[Round "2.2"]
[White "Mamedyarov, Shakhriyar"]
[Black "Matlakov, Maxim"]
[Result "1/2-1/2"]
[WhiteTitle "GM"]
[BlackTitle "GM"]
[WhiteElo "2775"]
[BlackElo "2676"]
[WhiteFideId "13401319"]
[BlackFideId "4168003"]
[EventDate "2013.08.11"]

1. d4 Nf6 2. c4 e6 3. Nf3 b6 4. a3 Bb7 5. Nc3 d5 6. cxd5 Nxd5 7. Bd2 Nd7 8. Qc2
c5 9. e4 Nxc3 10. Bxc3 cxd4 11. Nxd4 a6 12. g3 Be7 13. Bg2 1/2-1/2

[Event "FIDE World Cup 2013"]
[Site "Tromso NOR"]
[Date "2013.08.15"]
[Round "2.2"]
[White "Onischuk, Alexander"]
[Black "Dominguez Perez, Leinier"]
[Result "1/2-1/2"]
[WhiteTitle "GM"]
[BlackTitle "GM"]
[WhiteElo "2667"]
[BlackElo "2757"]
[WhiteFideId "14101025"]
[BlackFideId "3503240"]
[EventDate "2013.08.11"]

1. d4 Nf6 2. c4 e6 3. Nf3 Bb4+ 4. Bd2 Bxd2+ 5. Qxd2 d5 6. Nc3 O-O 7. e3 Qe7 8.
cxd5 exd5 9. Bd3 Nbd7 10. O-O c6 11. Qc2 Re8 12. Rab1 Ne4 13. b4 Ndf6 14. Ne5
Nxc3 15. Qxc3 Ne4 16. Qc2 g6 17. Rfc1 Bf5 18. Rb3 a6 19. a4 Nd6 20. Bxf5 Nxf5
21. h3 1/2-1/2

[Event "FIDE World Cup 2013"]
[Site "Tromso NOR"]
[Date "2013.08.15"]
[Round "2.2"]
[White "Ponomariov, Ruslan"]
[Black "Dubov, Daniil"]
[Result "1/2-1/2"]
[WhiteTitle "GM"]
[BlackTitle "GM"]
[WhiteElo "2756"]
[BlackElo "2624"]
[WhiteFideId "14103320"]
[BlackFideId "24126055"]
[EventDate "2013.08.11"]

1. e4 c5 2. Nf3 e6 3. d4 cxd4 4. Nxd4 Nc6 5. Nc3 a6 6. g3 Qc7 7. Bg2 d6 8. O-O
Bd7 9. Nb3 Nf6 10. f4 Be7 11. Kh1 O-O 12. g4 d5 13. e5 Ne8 14. Be3 f6 15. exf6
Nxf6 16. g5 Ne8 17. f5 Qe5 18. fxe6 Rxf1+ 19. Qxf1 Bxe6 20. Re1 Bf7 21. Bf4 Qf5
22. Nd4 Nxd4 23. Rxe7 Ne6 24. Bg3 Qxf1+ 25. Bxf1 Nxg5 26. Bg2 Nf6 27. Rxb7 Re8
28. Rb8 Rxb8 29. Bxb8 d4 30. Ne2 d3 31. cxd3 Bxa2 32. Nc3 Bb3 33. Kg1 Ne6 34.
Kf2 Kf7 35. Ke3 g5 36. d4 Ng4+ 37. Kf3 Nf6 38. Ke3 Ng4+ 39. Kd3 Nf2+ 40. Ke2 Ng4
41. Kd3 Nf2+ 42. Kd2 Nf4 43. Bxf4 gxf4 44. Ne2 Ng4 45. h3 Ne3 46. Bf3 Nf5 47.
Kc3 Bd1 48. Bd5+ Kf6 49. Nxf4 Kg5 50. Ne6+ Kf6 51. Nc5 a5 52. Kd3 Nd6 53. Ne4+
Ke7 54. Bg8 h6 55. Nc3 Bf3 56. Bd5 Bh5 57. Ke3 Be8 58. Kf4 Bd7 59. Bg2 Nc4 60.
Nd1 a4 61. Bd5 Nb6 62. Bg2 Nc4 63. Bd5 1/2-1/2

[Event "FIDE World Cup 2013"]
[Site "Tromso NOR"]
[Date "2013.08.15"]
[Round "2.2"]
[White "Dreev, Aleksey"]
[Black "Wang, Hao"]
[Result "1/2-1/2"]
[WhiteTitle "GM"]
[BlackTitle "GM"]
[WhiteElo "2668"]
[BlackElo "2747"]
[WhiteFideId "4100107"]
[BlackFideId "8602883"]
[EventDate "2013.08.11"]

1. d4 Nf6 2. c4 e6 3. Nc3 Bb4 4. Qc2 d5 5. cxd5 Qxd5 6. Nf3 Qf5 7. Qb3 Nc6 8. a3
Ba5 9. Bd2 O-O 10. h3 Rd8 11. g4 Qg6 12. Qc4 e5 13. dxe5 Be6 14. Qa4 Nd5 15. Bg2
Nb6 16. Qf4 Bxc3 17. Bxc3 Nd5 18. Qc1 Qe4 19. Qb1 Qc4 20. Bd2 Nd4 21. Nxd4 Qxd4
22. Qc1 Qxe5 23. e4 Nb6 24. O-O Bc4 25. Re1 Qb5 26. Bf4 c6 27. b4 Rd7 28. Rd1
Rad8 29. Rxd7 Rxd7 30. Qc2 Qa4 31. Qc3 Be6 32. Bf1 h6 33. Be5 f6 34. Bd4 Qb3 35.
Qxb3 Bxb3 36. Be3 Kf7 37. Rc1 Rd1 38. Rxd1 Bxd1 39. Bd3 Bb3 40. f4 Nc4 41. Bc1
a5 42. Kf2 a4 43. h4 b6 44. Kf3 c5 45. bxc5 bxc5 46. Bxc4+ Bxc4 47. Be3 Bb3 48.
Bxc5 Bd1+ 49. Kg3 Bc2 50. e5 fxe5 51. fxe5 h5 52. gxh5 Bd1 53. Kf4 Bxh5 54. Kf5 1/2-1/2

[Event "FIDE World Cup 2013"]
[Site "Tromso NOR"]
[Date "2013.08.15"]
[Round "2.2"]
[White "Svidler, Peter"]
[Black "Bologan, Viktor"]
[Result "1/2-1/2"]
[WhiteTitle "GM"]
[BlackTitle "GM"]
[WhiteElo "2746"]
[BlackElo "2672"]
[WhiteFideId "4102142"]
[BlackFideId "13900048"]
[EventDate "2013.08.11"]

1. e4 c5 2. Nf3 d6 3. d4 cxd4 4. Nxd4 Nf6 5. Nc3 a6 6. h3 e5 7. Nde2 h5 8. Bg5
Be6 9. g3 Nbd7 10. a4 Be7 11. Bg2 Rc8 12. O-O Nf8 13. a5 Qd7 14. h4 N8h7 15. Na4
Bd8 16. Be3 Qc6 17. Nb6 Bxb6 18. Bxb6 Nxe4 19. Nc3 Nhf6 20. Nxe4 Nxe4 21. c4 1/2-1/2

[Event "FIDE World Cup 2013"]
[Site "Tromso NOR"]
[Date "2013.08.15"]
[Round "2.2"]
[White "Kryvoruchko, Yuriy"]
[Black "Adams, Michael"]
[Result "1/2-1/2"]
[WhiteTitle "GM"]
[BlackTitle "GM"]
[WhiteElo "2678"]
[BlackElo "2740"]
[WhiteFideId "14109182"]
[BlackFideId "400041"]
[EventDate "2013.08.11"]

1. e4 e5 2. Nf3 Nc6 3. Bc4 Bc5 4. c3 Nf6 5. d4 exd4 6. e5 d5 7. Bb5 Ne4 8. cxd4
Bb6 9. Nc3 O-O 10. Be3 Bd7 11. Bd3 Bg4 12. Nxe4 dxe4 13. Bxe4 Nxd4 14. O-O Bxf3
15. Bxf3 c6 16. Be4 Qh4 17. f4 Rad8 18. Qe1 Qxe1 19. Raxe1 Rfe8 20. Bf2 Ne6 21.
Bxb6 axb6 22. g3 Rd4 23. Bc2 g6 24. Rd1 Red8 25. Rxd4 Nxd4 1/2-1/2

[Event "FIDE World Cup 2013"]
[Site "Tromso NOR"]
[Date "2013.08.15"]
[Round "2.2"]
[White "Leitao, Rafael"]
[Black "Morozevich, Alexander"]
[Result "1/2-1/2"]
[WhiteTitle "GM"]
[BlackTitle "GM"]
[WhiteElo "2632"]
[BlackElo "2739"]
[WhiteFideId "2101246"]
[BlackFideId "4116992"]
[EventDate "2013.08.11"]

1. d4 Nf6 2. c4 g6 3. Nc3 Bg7 4. e4 d6 5. Nf3 O-O 6. h3 e5 7. d5 a5 8. g4 c6 9.
Be3 Na6 10. Be2 Nc5 11. Nd2 a4 12. Bxc5 dxc5 13. Nxa4 Bh6 14. Nxc5 Qb6 15. Ncb3
Bxd2+ 16. Nxd2 Qxb2 17. a4 Qd4 18. O-O Nxe4 19. Nxe4 Qxe4 20. Re1 f5 21. dxc6
bxc6 22. Qd2 fxg4 23. Bxg4 Qxc4 24. Bxc8 Rfxc8 25. a5 Qd5 26. Qxd5+ cxd5 27.
Rxe5 Rc5 28. a6 Rc6 29. Rxd5 Rcxa6 1/2-1/2

[Event "FIDE World Cup 2013"]
[Site "Tromso NOR"]
[Date "2013.08.15"]
[Round "2.2"]
[White "Vitiugov, Nikita"]
[Black "Ragger, Markus"]
[Result "1-0"]
[WhiteTitle "GM"]
[BlackTitle "GM"]
[WhiteElo "2719"]
[BlackElo "2680"]
[WhiteFideId "4152956"]
[BlackFideId "1610856"]
[EventDate "2013.08.11"]

1. d4 Nf6 2. c4 g6 3. Nc3 d5 4. Nf3 Bg7 5. h4 dxc4 6. e4 c5 7. d5 b5 8. h5 O-O
9. hxg6 fxg6 10. e5 Ng4 11. d6 e6 12. Rxh7 Kxh7 13. Ng5+ Kg8 14. Qxg4 Rf5 15.
Be3 Nc6 16. Qh4 Nxe5 17. O-O-O Bd7 18. Nce4 Qa5 19. Qh7+ Kf8 20. Nxc5 Rxg5 21.
Bxg5 Qxa2 22. Rd4 Qa1+ 23. Kc2 Nd3 24. Nxd7+ Kf7 25. Ne5+ Nxe5 26. Rf4+ Ke8 27.
Qg8+ Kd7 28. Qxg7+ Kc6 29. Qxe5 Qxf1 30. Qe4+ Kb6 31. d7 1-0

[Event "FIDE World Cup 2013"]
[Site "Tromso NOR"]
[Date "2013.08.15"]
[Round "2.2"]
[White "Li, Chao b"]
[Black "Giri, Anish"]
[Result "0-1"]
[WhiteTitle "GM"]
[BlackTitle "GM"]
[WhiteElo "2693"]
[BlackElo "2737"]
[WhiteFideId "8604436"]
[BlackFideId "24116068"]
[EventDate "2013.08.11"]

1. c4 e6 2. Nf3 d5 3. g3 Nf6 4. Bg2 dxc4 5. Qa4+ c6 6. Qxc4 b5 7. Qc2 Bb7 8. Nc3
Nbd7 9. O-O a6 10. a4 Be7 11. d4 c5 12. axb5 axb5 13. Rxa8 Qxa8 14. Nxb5 O-O 15.
Be3 Rc8 16. dxc5 Nxc5 17. Rc1 Ng4 18. Bg5 Ne4 19. Qxc8+ Bxc8 20. Bxe7 Ngxf2 21.
Rc7 h6 22. Ba3 Ba6 23. Nbd4 Qd8 24. Ra7 Qb6 25. Ra8+ Kh7 26. e3 Bb7 27. Rf8 Qc7
28. Bf1 Ng4 0-1

[Event "FIDE World Cup 2013"]
[Site "Tromso NOR"]
[Date "2013.08.15"]
[Round "2.2"]
[White "Bruzon Batista, Lazaro"]
[Black "Radjabov, Teimour"]
[Result "1/2-1/2"]
[WhiteTitle "GM"]
[BlackTitle "GM"]
[WhiteElo "2698"]
[BlackElo "2733"]
[WhiteFideId "3503739"]
[BlackFideId "13400924"]
[EventDate "2013.08.11"]

1. e4 c5 2. Nf3 Nc6 3. Bb5 e6 4. O-O Nge7 5. Re1 a6 6. Bf1 d5 7. exd5 Nxd5 8. d4
Nf6 9. Be3 Nd5 10. Bc1 Nf6 11. Be3 Nd5 12. Bg5 f6 13. Bc1 cxd4 14. Nxd4 Nxd4 15.
Qxd4 Bd6 16. Qa4+ Kf7 17. Qb3 Qb6 18. Qxb6 1/2-1/2

[Event "FIDE World Cup 2013"]
[Site "Tromso NOR"]
[Date "2013.08.15"]
[Round "2.2"]
[White "Andreikin, Dmitry"]
[Black "Nguyen, Ngoc Truong Son"]
[Result "1-0"]
[WhiteTitle "GM"]
[BlackTitle "GM"]
[WhiteElo "2716"]
[BlackElo "2625"]
[WhiteFideId "4158814"]
[BlackFideId "12401110"]
[EventDate "2013.08.11"]

1. d4 d5 2. Nf3 Nf6 3. c4 e6 4. g3 dxc4 5. Bg2 Nc6 6. O-O Rb8 7. Nc3 b5 8. Ne5
Nxe5 9. dxe5 Nd7 10. Qd4 b4 11. Na4 Nb6 12. Qxd8+ Kxd8 13. Rd1+ Ke8 14. Nxb6
Rxb6 15. Be3 c5 16. a3 b3 17. Rac1 Ba6 18. a4 Bb7 19. Rxc4 Bxg2 20. Kxg2 Rc6 21.
Rd3 f6 22. exf6 gxf6 23. Rxb3 Rb6 24. Rb5 Kf7 25. Bxc5 Rxb5 26. axb5 Bxc5 27.
Rxc5 Rd8 28. Rc7+ Kg6 29. Rxa7 Rd2 30. b4 Rd4 31. b6 Rxb4 32. Rb7 e5 33. Rb8 Kg7
34. b7 Rb3 35. e4 Rb2 36. Kf3 Rb3+ 37. Kg4 1-0

[Event "FIDE World Cup 2013"]
[Site "Tromso NOR"]
[Date "2013.08.15"]
[Round "2.2"]
[White "Jobava, Baadur"]
[Black "Korobov, Anton"]
[Result "1-0"]
[WhiteTitle "GM"]
[BlackTitle "GM"]
[WhiteElo "2696"]
[BlackElo "2720"]
[WhiteFideId "13601520"]
[BlackFideId "14105730"]
[EventDate "2013.08.11"]

1. e4 c5 2. Nc3 d6 3. f4 Nc6 4. Nf3 g6 5. Bb5 Bg7 6. O-O Bd7 7. d3 a6 8. Bxc6
Bxc6 9. Qe1 Nf6 10. h3 Nd7 11. Be3 e6 12. Rd1 O-O 13. d4 Qe7 14. Bf2 Rfe8 15.
Bh4 Qf8 16. dxc5 Nxc5 17. Nd4 f5 18. e5 dxe5 19. Nxc6 bxc6 20. fxe5 Rab8 21. b3
Rb7 22. Qe2 Rf7 23. Bf2 a5 24. Bd4 Nd7 25. Na4 Qe7 26. Kh1 f4 27. Nb2 Ref8 28.
Nc4 Rf5 29. Qe4 g5 30. Qxc6 Nxe5 31. Nxe5 Bxe5 32. Bc5 Qe8 33. Qb6 Qb8 34. Qxe6+
R8f7 35. Rd5 Kg7 36. Bd6 Bxd6 37. Rxf5 1-0

[Event "FIDE World Cup 2013"]
[Site "Tromso NOR"]
[Date "2013.08.15"]
[Round "2.2"]
[White "Vachier-Lagrave, Maxime"]
[Black "Ortiz Suarez, Isan Reynaldo"]
[Result "1-0"]
[WhiteTitle "GM"]
[BlackTitle "GM"]
[WhiteElo "2719"]
[BlackElo "2609"]
[WhiteFideId "623539"]
[BlackFideId "3507165"]
[EventDate "2013.08.11"]

1. e4 c5 2. Nf3 Nc6 3. Bb5 d6 4. O-O Bd7 5. Re1 Nf6 6. h3 a6 7. Bf1 e5 8. c3 Be7
9. d4 Qc7 10. d5 Nd8 11. a4 b6 12. Na3 O-O 13. Bd3 Nb7 14. Nh2 Na5 15. c4 Rfe8
16. f4 exf4 17. Bxf4 g6 18. Nf3 Nh5 19. Bh2 Bf6 20. g4 Ng7 21. Qc2 Qd8 22. Re2
h5 23. Rg2 hxg4 24. hxg4 b5 25. Rf1 bxc4 26. Nxc4 Nxc4 27. Bxc4 Qc8 28. e5 dxe5
29. Nd2 Bg5 30. Ne4 Qd8 31. Qf2 f5 32. gxf5 Bh4 33. d6+ Be6 34. fxe6 Bxf2+ 35.
Rfxf2 Qh4 36. e7+ Kh7 37. Nf6+ Kh6 38. Bf7 g5 39. Bg3 1-0

[Event "FIDE World Cup 2013"]
[Site "Tromso NOR"]
[Date "2013.08.15"]
[Round "2.2"]
[White "Wei, Yi"]
[Black "Shirov, Alexei"]
[Result "1-0"]
[WhiteTitle "GM"]
[BlackTitle "GM"]
[WhiteElo "2551"]
[BlackElo "2696"]
[WhiteFideId "8603405"]
[BlackFideId "2209390"]
[EventDate "2013.08.11"]

1. e4 c5 2. Nf3 d6 3. d4 cxd4 4. Nxd4 Nf6 5. Nc3 a6 6. Be3 e6 7. Be2 Qc7 8. Qd2
b5 9. f3 Nbd7 10. a3 h5 11. O-O-O Rb8 12. Bxb5 axb5 13. Ndxb5 Qb7 14. Qxd6 Bxd6
15. Nxd6+ Ke7 16. Nxb7 Bxb7 17. Rd4 Rhd8 18. Rhd1 Ne5 19. a4 Rxd4 20. Bxd4 Nfd7
21. b3 g5 22. Nb5 g4 23. Bb2 gxf3 24. Ba3+ Kf6 25. gxf3 Kg5 26. Nd4 Ba6 27. Kb1
Rb7 28. Rg1+ Kf6 29. Bb2 Ke7 30. Rg5 h4 31. f4 Ng6 32. Nxe6 fxe6 33. Rxg6 Nc5
34. f5 Kf7 35. Rf6+ Ke7 36. Rh6 Kf7 37. Rxh4 exf5 38. exf5 Rd7 39. Bd4 Rd5 40.
Rf4 Bc8 41. Bxc5 Rxc5 42. Kb2 Kf6 43. b4 Rc7 44. Kb3 Bxf5 45. c3 Rh7 46. b5 Ke5
47. Rd4 Rxh2 48. a5 Bh3 49. a6 Bf1 50. a7 Rh8 51. Kb4 Bg2 52. Rd2 Bf3 53. Ka5
Rc8 54. Rd3 Bg2 55. Ka6 Rf8 56. Rd2 Ba8 57. c4 Rc8 58. c5 1-0

[Event "FIDE World Cup 2013"]
[Site "Tromso NOR"]
[Date "2013.08.15"]
[Round "2.2"]
[White "Navara, David"]
[Black "Hammer, Jon Ludvig"]
[Result "1/2-1/2"]
[WhiteTitle "GM"]
[BlackTitle "GM"]
[WhiteElo "2715"]
[BlackElo "2605"]
[WhiteFideId "309095"]
[BlackFideId "1503707"]
[EventDate "2013.08.11"]

1. d4 Nf6 2. c4 g6 3. g3 c6 4. Bg2 d5 5. e3 dxc4 6. Ne2 Nd5 7. O-O b5 8. a4 Bb7
9. b3 cxb3 10. axb5 cxb5 11. Qxb3 Qd7 12. Nbc3 Nxc3 13. Nxc3 Bxg2 14. Kxg2 a6
15. Nxb5 Bg7 16. Nc3 O-O 17. Qd5 Qxd5+ 18. Nxd5 e6 19. Ne7+ Kh8 20. Ba3 Rd8 21.
Rfb1 Bf8 22. Rb7 Rd7 23. Rab1 Kg7 24. Rxb8 Rxb8 25. Rxb8 Bxe7 26. Bxe7 Rxe7 27.
Ra8 e5 28. Rxa6 exd4 29. exd4 Re4 30. Rd6 g5 31. d5 g4 32. h4 Re5 33. Rd8 h5 34.
d6 Rd5 35. Kf1 Kf6 36. Ke2 Ke6 37. Ke3 Re5+ 38. Kf4 Rf5+ 39. Ke3 Re5+ 40. Kd4
Rd5+ 41. Ke4 1/2-1/2

[Event "FIDE World Cup 2013"]
[Site "Tromso NOR"]
[Date "2013.08.15"]
[Round "2.2"]
[White "Moiseenko, Alexander"]
[Black "Bacrot, Etienne"]
[Result "1/2-1/2"]
[WhiteTitle "GM"]
[BlackTitle "GM"]
[WhiteElo "2699"]
[BlackElo "2714"]
[WhiteFideId "14102560"]
[BlackFideId "605506"]
[EventDate "2013.08.11"]

1. d4 Nf6 2. c4 g6 3. Nc3 Bg7 4. e4 d6 5. Bd3 O-O 6. Nge2 c5 7. d5 e6 8. Bg5 h6
9. Bh4 exd5 10. Nxd5 Nc6 11. Nec3 Be6 12. O-O Bxd5 13. Nxd5 g5 14. Bg3 Nxd5 15.
cxd5 Ne5 16. Be2 Ng6 17. Bg4 Re8 18. Qc2 Bd4 19. Rab1 b5 20. Kh1 a6 21. Bf5 Ne7
22. Bg4 Ng6 23. Bf5 1/2-1/2

[Event "FIDE World Cup 2013"]
[Site "Tromso NOR"]
[Date "2013.08.15"]
[Round "2.2"]
[White "Fier, Alexandr"]
[Black "Adhiban, Baskaran"]
[Result "0-1"]
[WhiteTitle "GM"]
[BlackTitle "GM"]
[WhiteElo "2595"]
[BlackElo "2567"]
[WhiteFideId "2107139"]
[BlackFideId "5018471"]
[EventDate "2013.08.11"]

1. e4 e5 2. Nf3 Nc6 3. Nc3 Nf6 4. Bb5 Bb4 5. O-O O-O 6. d3 Bxc3 7. bxc3 d6 8.
Bg5 Qe7 9. Re1 Nd8 10. d4 Ne6 11. Bd2 c5 12. Bd3 Nc7 13. Nh4 Ne6 14. Nf5 Qc7 15.
Qf3 Ne8 16. Be3 Kh8 17. Qg3 g6 18. dxe5 dxe5 19. Bh6 gxf5 20. exf5 Rg8 21. Qh4
N6g7 22. Bxg7+ Nxg7 23. Qf6 c4 24. Be4 a5 25. Bd5 Bxf5 26. Rxe5 Bg6 27. Re7 Qd8
28. Bxc4 Rc8 29. Bd3 Rc6 30. Qe5 f6 31. Qe1 Bxd3 32. cxd3 Qxd3 33. Rxb7 Nf5 34.
g3 Nh4 35. Qe7 Rd6 36. Rf1 Nf3+ 37. Kg2 Nh4+ 38. Kg1 Nf3+ 39. Kg2 Ng5 40. h4
Qd5+ 41. f3 Re6 42. Qd7 Re2+ 43. Kh1 Qxa2 0-1